Planeación y control de la producción: administración de la cadena de suministros./ (Registro nro. 9121)
[ vista simple ]
| 000 -LEADER | |
|---|---|
| fixed length control field | 01587nam a2200217Ia 4500 |
| 005 - FECHA Y HORA DE LA ÚLTIMA TRANSACCIÓN | |
| control field | 20250609090148.0 |
| 008 - FIXED-LENGTH DATA ELEMENTS--GENERAL INFORMATION | |
| fixed length control field | 230903s9999 xx 000 0 und d |
| 020 ## - INTERNATIONAL STANDARD BOOK NUMBER | |
| International Standard Book Number | 9701050665 |
| 040 ## - CATALOGING SOURCE | |
| Original cataloging agency | UPAN |
| Transcribing agency | Biblioteca San Vicente |
| Description conventions | RCAA2 |
| 041 ## - LANGUAGE CODE | |
| Language code of text/sound track or separate title | spa |
| 082 ## - DEWEY DECIMAL CLASSIFICATION NUMBER | |
| Classification number | 658.403 4 |
| Item number | T454t |
| año de publicación | 2006 |
| 100 ## - MAIN ENTRY--PERSONAL NAME | |
| Personal name | Vollman, Thomas E. |
| Relator code | aut. |
| 245 #0 - TITLE STATEMENT | |
| Title | Planeación y control de la producción: administración de la cadena de suministros./ |
| Remainder of title | Thomas E. Vollmann |
| 250 ## - EDITION STATEMENT | |
| Edition statement | 5° ed. |
| 260 ## - PUBLICATION, DISTRIBUTION, ETC. (IMPRINT) | |
| Place of publication, distribution, etc | México: |
| Name of publisher, distributor, etc | McGraw Hill, |
| Date of publication, distribution, etc | 2005 |
| 300 ## - PHYSICAL DESCRIPTION | |
| Extent | 755 p.; |
| Dimensions | 24 cm. |
| 505 ## - FORMATTED CONTENTS NOTE | |
| Formatted contents note | 1. Planeación y control de la manufactura <br/>2. Administración de la demanda<br/>3. Planeación de ventas y operaciones<br/>4. Planeación de recursos de la empresa (ERP): sistemas integrados<br/>5. Administración de inventarios en la cadena de suministros: artículos de demanda independiente<br/>6. Plan maestro de producción<br/>7. Planeación de los requerimientos de materiales<br/>8. Planeación de los requerimientos de distribución<br/>9. Justo a tiempo<br/>10. Planeación y utilización de la capacidad<br/>11. Control de actividades de produccion<br/>12. Conceptos avanzados de planeación de ventas y operaciones<br/>13. Estrategia y diseño de sistemas de MPC<br/>14. Conceptos avanzados de planeación de requerimientos de materiales<br/>15. Conceptos avanzados de justo a tiempo<br/>16. Conceptos avanzados de programación de secuencias<br/>17. Administración de la cadena de suministros<br/>18. Implementación<br/>19. MPC: la nueva frontera |
| 650 ## - SUBJECT ADDED ENTRY--TOPICAL TERM | |
| Source of heading or term | LEMB |
| Topical term or geographic name as entry element | Producción |
| General subdivision | Administración |
| 700 ## - ADDED ENTRY--PERSONAL NAME | |
| Personal name | William L. Berry |
| Relator code | col. |
| 942 ## - ADDED ENTRY ELEMENTS (KOHA) | |
| Koha item type | Libros |
| Source of classification or shelving scheme | Dewey Decimal Classification |
| Withdrawn status | Lost status | Source of classification or shelving scheme | Damaged status | Not for loan | Collection code | Home library | Current library | Date acquired | Total Checkouts | Full call number | Barcode | Date last seen | Copy number | Price effective from | Koha item type |
|---|---|---|---|---|---|---|---|---|---|---|---|---|---|---|---|
| Dewey Decimal Classification | Colección General | Biblioteca UPAN San Vicente | Biblioteca UPAN San Vicente | 03/09/2023 | 658.403 4 T454t | 12001746 | 03/09/2023 | 01 | 03/09/2023 | Libros |